Nuevos patrones de migración intermunicipal en el Brasil (Registro nro. 33358)

Detalles MARC
000 -LEADER
fixed length control field 00405 a2200121 4500
001 - CONTROL NUMBER
control field ART_41852
005 - DATE AND TIME OF LATEST TRANSACTION
control field 20260410162024.0
008 - FIXED-LENGTH DATA ELEMENTS--GENERAL INFORMATION
fixed length control field 260409a
100 1# - MAIN ENTRY--PERSONAL NAME
Personal name Lima, Everton Emanuel Campos de
245 10 - TITLE STATEMENT
Title Nuevos patrones de migración intermunicipal en el Brasil
700 1# - ADDED ENTRY--PERSONAL NAME
Personal name Gomes Braga, Fernando
773 0# - HOST ITEM ENTRY
Title Notas de población
Related parts - Año XLIII, Nº 103 (jul./dic. 2016)
Record control number REV41841

No hay ítems disponibles.